| 000 | 00937 a2200217 4500 | ||
|---|---|---|---|
| 005 | 20260202145218.0 | ||
| 008 | 260202b |||||||| |||| 00| 0 eng d | ||
| 020 | _a8170164370 (hbk) | ||
| 037 | _cTB | ||
| 040 |
_aCRL _cCRL |
||
| 041 |
_2hin _ahin _hben |
||
| 084 |
_aO157,3N35,VS 152N9 _qTB |
||
| 100 |
_aगंगोपाध्याय, सुनील _9864112 |
||
| 245 | _aवक्ष - शीला | ||
| 260 |
_bकिताबघर प्रकाशन, _c1999. _aनई दिल्ली, भारत: |
||
| 300 | _a135पृ. | ||
| 546 | _aTranslated from Bengali to Hindi | ||
| 650 |
_aबंगाली कहानी _91113172 |
||
| 942 |
_cTB _2CC _n0 _hO157,3N35,VS 152N9 |
||
| 999 |
_c1467570 _d1467570 |
||